|
|
|
|
| LEADER |
00000nas a2200000 i 4500 |
| 001 |
in00000011047 |
| 005 |
20251126081449.5 |
| 002 |
АР2Р/2005/4 |
| 008 |
081006u19?? rur l000 0yrus d |
| 035 |
|
|
|a ( UA-KiNSAL)АР2Р/2005/4
|
| 040 |
|
|
|a UA-KiNSAL
|b ukr
|c UA-KiNSAL
|
| 090 |
|
|
|
| 245 |
0 |
0 |
|a NJ
|
| 260 |
|
|
|a Б.м.
|
| 530 |
|
|
|a Original record
|u https://kubg.libs.net.ua/kubg_recs/0000031584.txt
|
| 942 |
|
|
|2 UDC
|c JOURNAL
|
| 952 |
|
|
|a XP
|b книга
|d ХР
|z 20140122
|p Jv0029855
|j АР2Р/2005/4
|o
|h 2005, № 4
|c 1
|
| 920 |
|
|
|a NJ
|
| 961 |
|
|
|a 691
|
| 991 |
0 |
0 |
|a АР2Р/2005/4
|
| 997 |
|
|
|a 0000031584
|
| 998 |
|
|
|a 31584
|
| 999 |
f |
f |
|i 89763436-9211-44b7-8b60-57a405a29345
|s d1dd7180-70cd-4877-b15e-71f38042b3f7
|t 0
|
| 952 |
f |
f |
|p Може видаватися
|a Національна наукова сільськогосподарська бібліотека
|b Центральна будівля
|c ННСБ всі підрозділи
|d Відділ зберігання
|t 0
|e АР2Р/2005/4
|i книга
|m Jv0029855
|n 1
|